000 00650nam a2200253Ia 4500
003 OSt
005 20221007111814.0
006 a|||||r|||| 00| 0
007 ta
008 221006b |||||||| |||| 00| 0 eng d
020 _a0801434335
024 _a24,332
037 _cTextual
040 _aLCO
_cLCO
_beng
041 _2eng
_aeng
082 _aZ1,6, N8
100 _aWippman David
_9708524
245 0 _aInternational Law and Ethnic Conflict
260 _aLondon
_bCornell University Press U.K.
_c1998
300 _a354
650 _aCONFLICT
942 _hZ1,6, N8
_cTEXL
999 _c1193895
_d1193895